| 000 | 01736nam a22004457a 4500 | ||
|---|---|---|---|
| 001 | 000095472 | ||
| 003 | CHAP | ||
| 005 | 20220329143111.0 | ||
| 008 | 060328d2005 mx a r 00110 spa d | ||
| 010 | _a91938 | ||
| 011 | _a92910 | ||
| 035 | _a103477 | ||
| 040 | _cCHAP | ||
| 090 | _aTesis | ||
| 100 | 1 |
_aGarcía Vázquez, Enrique Santiago. _946735 |
|
| 245 | 1 | 0 |
_aPrueba y evaluación del levante hidráulico al enganche de tres puntos del tractor John Deere 5715 a 1500 moto-horas de trabajo / _c/por Enrique Santiago, García Vázquez y Francisco Javier Santander Bastida. |
| 260 |
_aChapingo, Méx. : _bEl autor, _c2005. |
||
| 300 |
_a86 h. : _bilus.; gráfs.; cuadros. |
||
| 502 | _aTesis (Ing. Mecánico Agrícola) -- UACH. Departamento de Ingeniería Mecánica | ||
| 590 |
_aALEPH _b10 _c20130110 _lUCH01 _h1510 |
||
| 590 |
_aBATCH-UPD _b10 _c20130110 _lUCH01 _h0512 |
||
| 590 |
_aBATCH-UPD _b10 _c20130410 _lUCH01 _h0150 |
||
| 590 |
_aBATCH-UPD _b10 _c20130914 _lUCH01 _h1449 |
||
| 590 |
_aBATCH-UPD _b10 _c20140324 _lUCH01 _h1455 |
||
| 590 |
_aBATCH-UPD _b10 _c20141002 _lUCH01 _h0829 |
||
| 590 |
_aCONVERSION _b10 _c20130109 _lUCH01 _h1351 |
||
| 590 |
_aE11695DGD _b10 _c20141006 _lUCH01 _h1045 |
||
| 590 |
_aE12093SGE _b10 _c20130709 _lUCH01 _h1339 |
||
| 650 | 1 | 4 |
_aFuerza y energía. _943913 |
| 650 | 1 | 4 |
_aMaquinaria agrícola. _971151 |
| 650 | 1 | 4 |
_aTractores. _9114574 |
| 700 | 1 |
_aSantander Bastida, Francisco Javier. _9102303 |
|
| 856 |
_3Finding aid _uhttp://10.13.5.2/tesis/103477.pdf _zTeclea aquí |
||
| 901 | _aBK | ||
| 905 | _aElisama A. H. | ||
| 942 | _cFOLL | ||
| 942 | _n0 | ||
| 949 |
_aTesis _bBC _cTES _d00000000103477 _eTS1 _h44847 _i103477 _sb |
||
| 949 |
_aTesis _bBC _cTES _d33724000969572 _eTS2 _fc.2 _h44848 _i103477 _sb |
||
| 999 |
_c91938 _d91938 |
||